| 000 | 00914nas a2200325 4500 | ||
|---|---|---|---|
| 001 | BR0401546 | ||
| 003 | BR-BrBNA | ||
| 005 | 20231205104429.0 | ||
| 007 | ta | ||
| 008 | 230509b bl.|||p| |||| 00| 00por d | ||
| 040 |
_aBR-BrBNA _bpor _cBiblioteca Nacional de Agricultura |
||
| 041 | _a(Pt) | ||
| 072 | _aL73; L70 | ||
| 100 | 1 | _aClaus, M.P. | |
| 100 | 1 | _aAlfieri, A.F. | |
| 100 | 1 | _aAlfieri, A.A. | |
| 245 | 1 | _aHerpesvírus bovino tipo 5 e meningoencefalite herpética bovina | |
| 650 | _aBOVINO | ||
| 650 | _aHERPESVÍRUS | ||
| 650 | _aSISTEMA NERVOSO | ||
| 650 | _aETIOLOGIA | ||
| 650 | _aPROFILAXIA | ||
| 650 | _aDIAGNÓSTICO | ||
| 650 | _aCÉREBRO | ||
| 650 | _aENCEFALITE | ||
| 650 | _aDOENÇA ANIMAL | ||
| 773 | 0 |
_tSemina Ciencias Agrarias (Brazil) _xISSN 1676-546X _g(Jan-Jun 2002), v. 23(1) p. 131-142 _wBR0401546 |
|
| 909 |
_a202311 _bLúcia _c55 _dLúcia Elande |
||
| 942 |
_2AGRIS _n0 _cANA |
||
| 999 |
_c178105 _d178105 |
||